000 00507nam a2200193Ia 4500
008 240510s9999 xx 000 0 und d
020 _a0003540664017
041 _aEng
082 _a005.74
082 _bB53
100 _aBohlen, M.H.: Jensen, C.S.,: Scholl, M.O.:
245 0 _aSpatio-Temporal Database Management : Lecture Notes in Computer Science : Proceedings
260 _bSpringer
260 _c1999
300 _a241 p.
650 _aDatabase Management
942 _2ddc
942 _cRBK
999 _c27676
_d27676
945 _a1
_bMadushi Gamage
_c1
_dMadushi Gamage